000
00323nam a2200109Ia 4500
008
171211s9999 xx 000 0 und d
245
_a
Dirr's Encyclopedia of Trees and Shrubs
245
_c
Michael A. Dirr
260
_c
2011
650
_x
Encyclopedia and Dictionary
856
_u
http://down.ebook777.com/055/0881929018.pdf
999
_c
350207
_d
350207